Principles of Data Base Management (Record no. 144)

MARC details
000 -LEADER
fixed length control field 00428nam a22001697a 4500
005 - DATE AND TIME OF LATEST TRANSACTION
control field 20180209120459.0
008 - FIXED-LENGTH DATA ELEMENTS--GENERAL INFORMATION
fixed length control field 160428b xxu||||| |||| 00| 0 eng d
020 ## - INTERNATIONAL STANDARD BOOK NUMBER
ISBN 81-2030176-5
041 ## - LANGUAGE CODE
Language code of text/sound track or separate title eng
082 ## - DEWEY DECIMAL CLASSIFICATION NUMBER
Item number 00486
Classification number 005.74
100 ## - MAIN ENTRY--AUTHOR NAME
Personal name Martin, James
245 ## - TITLE STATEMENT
Title Principles of Data Base Management
260 ## - PUBLICATION, DISTRIBUTION, ETC. (IMPRINT)
Place of publication New Delhi
Name of publisher PHI Pvt Ltd.
Year of publication 2004
300 ## - PHYSICAL DESCRIPTION
Number of Pages 352
650 ## - SUBJECT ADDED ENTRY--TOPICAL TERM
Topical Term Information Technology
942 ## - ADDED ENTRY ELEMENTS (KOHA)
Koha item type Books
Holdings
Lost status Damaged status Home library Shelving location Date acquired Cost, normal purchase price Full call number Accession Number Koha item type Collection code Current library
    JRU Library SHELF-5-B 28/04/2016 225.00 00486 00486 Books    
    JRU Library SHELF-52-A 28/04/2016 225.00 005.74 00487 Books CS/IT JRU Library
    JRU Library SHELF-52-A 28/04/2016 225.00 005.74 00488 Books CS/IT JRU Library
    JRU Library SHELF-5-B 28/04/2016 225.00 00486 00489 Books    
    JRU Library SHELF-28-E 28/04/2016 225.00 00486 00490 Books Reference  
    JRU Library SHELF-52-A 28/04/2016 225.00 005.74 00491 Books CS/IT JRU Library
    JRU Library SHELF-52-A 28/04/2016 225.00 005.74 00492 Books CS/IT JRU Library
    JRU Library SHELF-52-A 28/04/2016 225.00 005.74 00493 Books CS/IT JRU Library
    JRU Library SHELF-30-C 28/04/2016 225.00 00486 00494 Books Reference  
    JRU Library SHELF-52-A 28/04/2016 225.00 005.74 00495 Books CS/IT JRU Library
    JRU Library SHELF-52-A 28/04/2016 225.00 005.74 00496 Books CS/IT JRU Library